000 00453nam a22001697a 4500
005 20251126121704.0
008 251126b |||||||| |||| 00| 0 eng d
020 _a978-0-495-38798-5
100 _aKAUFMANN, JEROME E.
245 _aINTERMEDIATE ALGEBRA
260 _aBELMONT
_bBROOKS / COLE CENGAGE LEARNING
_c1010
300 _aXV, 792P.
500 _aINCLUDES INDEX
650 _a1. ALGEBRA
700 _aSCHWITTERS, KAREN L.
942 _2lcc
_cBK
999 _c216294
_d216294